Hidden letters #1 - Statistics

General Stats
  • This quiz has been taken 55 times
  • The average score is 9 of 12
Answer Stats
Hint Answer % Correct
Capital city of Norway Oslo
98%
Country bordering Oman Yemen
84%
Mountain range in South America Andes
82%
The capital of Guatemala Guatemala City
82%
Country north of Nicaragua Honduras
82%
Canal connecting the Pacific and Atlantic Oceans Panama Canal
80%
Country in South America Guyana
67%
Populous city in UK Edinburgh
64%
Guided answer #1: Enter the first letter of each answer in order so far GEO
64%
Guided answers #2: Enter the first letter of each answer in order so far GEOGRA
60%
SECRET WORD: GEOGRAPHY
60%
River flowing on border of Mexico and USA Rio Grande
58%
No matching quizzes found
Score Distribution
Percent of People with Each Score
Percentile by Number Answered
Your Score History
You have not taken this quiz